| 000 | 00683 a2200217 4500 | ||
|---|---|---|---|
| 003 | Nust | ||
| 005 | 20170207154034.0 | ||
| 010 | _a 2001034332 | ||
| 020 | _a0201733978 (pbk.) | ||
| 040 | _cNust | ||
| 082 | 0 | 0 | _a005.11 |
| 100 | 1 | _aWake, William C., | |
| 245 | 1 | 0 |
_aExtreme programming explored (E-BOOK) _cWilliam C. Wake ; [foreword by Dave Thomas]. |
| 260 |
_aBoston : _bAddison Wesley, _cc2002. |
||
| 300 |
_axxv, 159 p. : _bill. ; _c24 cm. |
||
| 440 | 0 | _aXP series | |
| 505 | _aSection 1: Programming (Page-11) Section 2: Team Practices(Page-51) Section 3: Process(Page-101) | ||
| 650 | 0 |
_aComputer software _xDevelopment. |
|
| 650 | 0 | _aeXtreme programming. | |
| 651 | _aE-BOOK | ||
| 942 |
_2ddc _cBK |
||
| 999 |
_c192304 _d192304 |
||